000 00966nam a2200277 i 4500
001 6782
003 ES-MaACL
005 20250809051036.0
007 t|
008 900531s1988 sp ||||1| spa d
020 _a84-7600-339-0
080 _a301.153.2:338.45(46)
080 _a338.45(46):301.153.2
245 0 4 _aLas industrias culturales en España
_b: (grupos multimedia y transnacionales) : prensa, radio, TV, libro, cine, disco, publicidad /
_cEnrique Bustamante, Ramon Zallo (coords.) ; colaboran, Jose Carron... [et al.].
260 _aMadrid :
_bAkal,
_c[1988]
300 _a327 p. ;
_c24 cm.
490 1 _aAkal/comunicación ;
_v2
500 _aÍndice.
650 1 4 _aIndustrias culturales-
_xEspaña.
_913743
700 1 _aBustamante, Enrique,
_ecoord.
_9195257
700 1 _aZallo, Ramón.
_9117879
700 1 _aCarron, José.
_935850
830 1 0 _aAkal/Comunicación
_v2
_9227828
852 _aES-MaACL
_jL-14026
999 _c6782
_d6782